000 00997nam a22002297a 4500
003 OSt
005 20251006161830.0
008 240405b ||||| |||| 00| 0 eng d
040 _c0
082 _aDPer 621.381 Ie21 October 2022 v. 37 n. 10
100 _aDong, Dinghao.
_eauthor.
_956174
245 _aOnline identification strategy of secondary time constant and magnetizing inductance for linear induction motors /
_cDinghao Dong, Wei Xu, Xinyu Xiao, Yirong Tang, and Kai Yang.
260 _aNew York ;
_bThe Institute of Electrical and Electronics Engineers, Inc. ,
_cOctober 2022.
300 _aVolume 37, pages 12450-12462 :
_billustration ;
_c28 cm
500 _aIEEE Transactions on Power Electronics, v. 37, n. 10, pages 12450-12462, October 2022.
700 _aDong, Dinghao.
_eauthor.
_956174
700 _aXu, Wei.
_eauthor.
_956175
700 _aXiao, Xinyu.
_eauthor.
_956176
700 _aTang, Yirong.
_eauthor.
_956177
700 _aYang, Kai.
_eauthor.
_956178
942 _2ddc
_cPER
999 _c20047
_d20047